[Event "1st Gujarat GM Open 2018"]
[Site "Ahmedabad"]
[Date "2018.10.07"]
[Round "4"]
[White "Saranya, J."]
[Black "Kushagra Mohan"]
[Result "1/2-1/2"]
[WhiteElo "2071"]
[BlackElo "2283"]
[Annotator "NA"]
[PlyCount "50"]
[EventDate "2018.10.05"]
[EventType "swiss"]
[EventCountry "IND"]
[SourceTitle "playchess.com"]
[Source "ChessBase"]
[SourceQuality "1"]
[TimeControl "5400+30"]

1. e4 {[%emt 0:00:00]} e5 {[%emt 0:00:00]} 2. Nf3 {[%emt 0:00:00]} Nc6 {[%emt 0:00:00]} 3. Bc4 {[%emt 0:00:00]} Bc5 {[%emt 0:00:00]} 4. c3 {[%emt 0:00:09]} Nf6 {[%emt 0:00:00]} 5. d3 {[%emt 0:00:07]} O-O {[%emt 0:00:08]} 6. O-O {[%emt 0:01:12]} d6 {[%emt 0:00:02]} 7. Nbd2 {[%emt 0:02:37]} a6 {[%emt 0:00:27]} 8. a4 {[%emt 0:00:30]} h6 {[%emt 0:00:49]} 9. Re1 {[%emt 0:03:03]} Kh8 {[%emt 0:08:20]} 10. Nf1 {[%emt 0:03:28]} Be6 {[%emt 0:03:55]} 11. Ng3 {[%emt 0:12:43]} d5 {[%emt 0:04:49]} 12. exd5 {[%emt 0:01:05]} Bxd5 {[%emt 0:02:10]} 13. Bxd5 {[%emt 0:10:00]} Qxd5 {[%emt 0:00:38]} 14. b4 {[%emt 0:03:05]} Ba7 {[%emt 0:04:04]} 15. c4 {[%emt 0:02:42]} Qd6 {[%emt 0:06:45]} 16. b5 {[%emt 0:11:27]} axb5 {[%emt 0:03:31]} 17. axb5 {[%emt 0:07:04]} Nb4 {[%emt 0:05:57]} 18. Rxa7 {[%emt 0:05:52]} Rxa7 {[%emt 0:00:29]} 19. Nxe5 {[%emt 0:00:11]} Nd7 {[%emt 0:11:45]} 20. Nf5 {[%emt 0:07:44]} Qe6 {[%emt 0:00:32]} 21. Nd4 {[%emt 0:05:25]} Qd6 {[%emt 0:07:05]} 22. Nf5 {[%emt 0:00:47]} Qe6 {[%emt 0:01:09]} 23. Nd4 {[%emt 0:00:10]} Qd6 {[%emt 0:07:04]} 24. Nf5 {[%emt 0:00:08]} Qe6 {[%emt 0:00:05]} 25. Nd4 {[%emt 0:00:06]} Qd6 {[%emt 0:00:04]} 1/2-1/2

[Event "1st Gujarat GM Open 2018"]
[Site "Ahmedabad"]
[Date "2018.10.07"]
[Round "4"]
[White "Soham Datar"]
[Black "Patil, Pratik"]
[Result "1/2-1/2"]
[WhiteElo "2060"]
[BlackElo "2280"]
[Annotator "NA"]
[PlyCount "109"]
[EventDate "2018.10.05"]
[EventType "swiss"]
[EventCountry "IND"]
[SourceTitle "playchess.com"]
[Source "ChessBase"]
[SourceQuality "1"]
[TimeControl "5400+30"]

1. Nf3 {[%emt 0:00:00]} Nf6 {[%emt 0:00:00]} 2. c4 {[%emt 0:00:00]} c6 {[%emt 0:00:59]} 3. g3 {[%emt 0:00:00]} g6 {[%emt 0:00:08]} 4. Bg2 {[%emt 0:00:08]} Bg7 {[%emt 0:00:04]} 5. O-O {[%emt 0:00:05]} O-O {[%emt 0:00:08]} 6. Nc3 {[%emt 0:00:08]} d5 {[%emt 0:00:07]} 7. cxd5 {[%emt 0:00:05]} cxd5 {[%emt 0:00:19]} 8. d4 {[%emt 0:00:04]} Nc6 {[%emt 0:25:47]} 9. Ne5 {[%emt 0:00:05]} Bf5 {[%emt 0:02:54]} 10. Bf4 {[%emt 0:00:29]} Rc8 {[%emt 0:06:04]} 11. Nxc6 {[%emt 0:00:13]} Rxc6 {[%emt 0:06:27]} 12. Be5 {[%emt 0:00:30]} Ne4 {[%emt 0:11:33]} 13. Nxe4 {[%emt 0:01:12]} Bxe4 {[%emt 0:09:23]} 14. Bxg7 {[%emt 0:05:07]} Kxg7 {[%emt 0:03:06]} 15. Bxe4 {[%emt 0:00:10]} dxe4 {[%emt 0:00:03]} 16. d5 {[%emt 0:00:07]} Rb6 {[%emt 0:11:41]} 17. Qd4+ {[%emt 0:00:55]} Kg8 {[%emt 0:00:07]} 18. Qxe4 {[%emt 0:08:28]} Rxb2 {[%emt 0:00:35]} 19. Rfb1 {[%emt 0:00:07]} Rxb1+ {[%emt 0:02:02]} 20. Rxb1 {[%emt 0:00:04]} Qd7 {[%emt 0:00:22]} 21. d6 {[%emt 0:05:41]} b6 {[%emt 0:00:20]} 22. Qxe7 {[%emt 0:00:06]} Qxe7 {[%emt 0:00:10]} 23. dxe7 {[%emt 0:00:04]} Re8 {[%emt 0:00:03]} 24. e4 {[%emt 0:00:34]} Rxe7 {[%emt 0:00:04]} 25. f3 {[%emt 0:00:04]} Rc7 {[%emt 0:02:12]} 26. Rb2 {[%emt 0:00:06]} h5 {[%emt 0:00:16]} 27. Kf2 {[%emt 0:00:16]} Kf8 {[%emt 0:00:16]} 28. f4 {[%emt 0:00:39]} Rc3 {[%emt 0:00:39]} 29. Ke2 {[%emt 0:00:55]} Ke7 {[%emt 0:02:18]} 30. Kd2 {[%emt 0:00:19]} Ra3 {[%emt 0:04:24]} 31. Rc2 {[%emt 0:00:14]} Kd7 {[%emt 0:04:27]} 32. Kc1 {[%emt 0:02:19]} Rf3 {[%emt 0:05:07]} 33. Rd2+ {[%emt 0:01:06]} Ke6 {[%emt 0:01:50]} 34. Kc2 {[%emt 0:03:42]} h4 {[%emt 0:00:46]} 35. Rd3 {[%emt 0:00:46]} Rf2+ {[%emt 0:00:31]} 36. Rd2 {[%emt 0:00:10]} Rf3 {[%emt 0:00:15]} 37. Rd3 {[%emt 0:00:05]} Rf2+ {[%emt 0:00:07]} 38. Rd2 {[%emt 0:00:05]} hxg3 {[%emt 0:02:54]} 39. hxg3 {[%emt 0:00:06]} Rxd2+ {[%emt 0:00:25]} 40. Kxd2 {[%emt 0:00:03]} Kd6 {[%emt 0:00:06]} 41. Kd3 {[%emt 0:00:34]} Kc5 {[%emt 0:00:13]} 42. g4 {[%emt 0:02:41]} f6 {[%emt 0:00:02]} 43. f5 {[%emt 0:07:04]} gxf5 {[%emt 0:00:09]} 44. gxf5 {[%emt 0:00:09]} Kd6 {[%emt 0:01:54]} 45. Kd4 {[%emt 0:00:04]} b5 {[%emt 0:00:12]} 46. e5+ {[%emt 0:00:12]} fxe5+ {[%emt 0:00:05]} 47. Ke4 {[%emt 0:00:01]} a5 {[%emt 0:01:24]} 48. f6 {[%emt 0:00:04]} b4 {[%emt 0:00:30]} 49. f7 {[%emt 0:00:04]} Ke7 {[%emt 0:00:03]} 50. Kxe5 {[%emt 0:00:03]} a4 {[%emt 0:00:06]} 51. Kd4 {[%emt 0:00:12]} b3 {[%emt 0:00:07]} 52. Kc3 {[%emt 0:00:28]} bxa2 {[%emt 0:00:36]} 53. Kb2 {[%emt 0:00:04]} a3+ {[%emt 0:00:01]} 54. Kxa2 {[%emt 0:00:07]} Kxf7 {[%emt 0:00:02]} 55. Kxa3 {[%emt 0:00:01]} 1/2-1/2

[Event "1st Gujarat GM Open 2018"]
[Site "Ahmedabad"]
[Date "2018.10.07"]
[Round "4"]
[White "Sudhanshu Ranjan"]
[Black "Bharath Subramaniyam H"]
[Result "0-1"]
[WhiteElo "2060"]
[BlackElo "2276"]
[Annotator "NA"]
[PlyCount "102"]
[EventDate "2018.10.05"]
[EventType "swiss"]
[EventCountry "IND"]
[SourceTitle "playchess.com"]
[Source "ChessBase"]
[SourceQuality "1"]
[TimeControl "5400+30"]

1. d4 {[%emt 0:00:00]} d5 {[%emt 0:00:00]} 2. c4 {[%emt 0:00:00]} c6 {[%emt 0:00:08]} 3. Nc3 {[%emt 0:04:36]} Nf6 {[%emt 0:00:14]} 4. Nf3 {[%emt 0:00:20]} e6 {[%emt 0:00:10]} 5. e3 {[%emt 0:02:55]} Nbd7 {[%emt 0:00:17]} 6. Bd3 {[%emt 0:00:26]} Bd6 {[%emt 0:00:24]} 7. O-O {[%emt 0:01:38]} O-O {[%emt 0:00:35]} 8. e4 {[%emt 0:01:53]} dxc4 {[%emt 0:01:58]} 9. Bxc4 {[%emt 0:00:12]} e5 {[%emt 0:00:09]} 10. Bg5 {[%emt 0:19:02]} b5 {[%emt 0:03:28]} 11. Bb3 {[%emt 0:01:32]} Bb7 {[%emt 0:02:53]} 12. Bh4 {[%emt 0:08:21]} a6 {[%emt 0:12:58]} 13. Bg3 {[%emt 0:06:50]} Qe7 {[%emt 0:02:38]} 14. dxe5 {[%emt 0:08:46]} Bxe5 {[%emt 0:07:37]} 15. Nxe5 {[%emt 0:01:34]} Nxe5 {[%emt 0:00:13]} 16. f4 Nc4 {[%emt 0:03:03]} 17. Qe2 {[%emt 0:15:53]} Rfe8 {[%emt 0:01:43]} 18. Bxc4 {[%emt 0:04:21]} bxc4 {[%emt 0:08:34]} 19. Rae1 Qc5+ {[%emt 0:10:57]} 20. Bf2 {[%emt 0:04:21]} Qb4 {[%emt 0:00:31]} 21. Bd4 {[%emt 0:00:38]} Rad8 {[%emt 0:06:35]} 22. a3 {[%emt 0:02:33]} Qb3 {[%emt 0:13:29]} 23. Bxf6 {[%emt 0:00:32]} gxf6 {[%emt 0:00:06]} 24. Rf3 {[%emt 0:03:47]} Qb6+ {[%emt 0:02:11]} 25. Kh1 {[%emt 0:03:22]} Rd3 {[%emt 0:01:34]} 26. Rxd3 {[%emt 0:01:00]} cxd3 {[%emt 0:00:02]} 27. Qxd3 {[%emt 0:00:14]} c5 {[%emt 0:01:01]} 28. h3 {[%emt 0:02:00]} f5 {[%emt 0:06:48]} 29. Qg3+ {[%emt 0:01:20]} Kf8 {[%emt 0:00:43]} 30. e5 {[%emt 0:05:52]} Qxb2 {[%emt 0:01:46]} 31. Ne2 {[%emt 0:00:51]} Re6 {[%emt 0:01:02]} 32. Qc3 {[%emt 0:00:20]} Qxc3 {[%emt 0:00:52]} 33. Nxc3 {[%emt 0:00:02]} Rg6 {[%emt 0:00:02]} 34. Re2 {[%emt 0:00:19]} Rg3 {[%emt 0:00:10]} 35. Rc2 {[%emt 0:00:31]} Rxh3+ {[%emt 0:00:22]} 36. Kg1 {[%emt 0:00:06]} Rg3 {[%emt 0:00:22]} 37. Na4 {[%emt 0:00:19]} Be4 {[%emt 0:00:18]} 38. Re2 {[%emt 0:00:50]} c4 {[%emt 0:00:08]} 39. Nc5 {[%emt 0:00:14]} Bc6 {[%emt 0:01:15]} 40. Nxa6 {[%emt 0:00:25]} Rxa3 {[%emt 0:00:05]} 41. Nb4 {[%emt 0:00:10]} Be4 {[%emt 0:00:09]} 42. Nc2 {[%emt 0:00:37]} Ra2 {[%emt 0:01:14]} 43. Nd4 {[%emt 0:00:05]} Ra1+ {[%emt 0:00:18]} 44. Kf2 {[%emt 0:00:03]} c3 {[%emt 0:00:24]} 45. g4 {[%emt 0:00:12]} Bd3 {[%emt 0:00:39]} 46. Re3 {[%emt 0:00:01]} c2 {[%emt 0:01:07]} 47. Nb3 {[%emt 0:02:24]} Rf1+ {[%emt 0:01:00]} 48. Kg2 {[%emt 0:00:07]} Rd1 {[%emt 0:00:09]} 49. gxf5 {[%emt 0:00:42]} Bc4 {[%emt 0:00:22]} 50. Nc1 {[%emt 0:01:46]} Rxc1 {[%emt 0:00:10]} 51. Rc3 {[%emt 0:00:02]} Bd5+ {[%emt 0:00:44]} 0-1

[Event "1st Gujarat GM Open 2018"]
[Site "Ahmedabad"]
[Date "2018.10.07"]
[Round "4"]
[White "Tarun Kanyamarala"]
[Black "Deshmukh, Anup"]
[Result "0-1"]
[WhiteElo "2046"]
[BlackElo "2267"]
[Annotator "NA"]
[PlyCount "58"]
[EventDate "2018.10.05"]
[EventType "swiss"]
[EventCountry "IND"]
[SourceTitle "playchess.com"]
[Source "ChessBase"]
[SourceQuality "1"]
[TimeControl "5400+30"]

1. d4 {[%emt 0:00:00]} Nf6 {[%emt 0:00:00]} 2. c4 {[%emt 0:00:30]} c5 {[%emt 0:00:02]} 3. d5 {[%emt 0:00:19]} b5 {[%emt 0:01:00]} 4. Qc2 {[%emt 0:02:18]} d6 {[%emt 0:04:09]} 5. e4 {[%emt 0:01:48]} b4 {[%emt 0:00:52]} 6. f4 {[%emt 0:03:06]} g6 {[%emt 0:01:00]} 7. Nf3 {[%emt 0:05:06]} Bg7 {[%emt 0:01:55]} 8. Bd3 {[%emt 0:01:26]} O-O {[%emt 0:00:15]} 9. O-O {[%emt 0:00:48]} a5 {[%emt 0:01:36]} 10. Nbd2 {[%emt 0:10:13]} e6 {[%emt 0:05:25]} 11. e5 {[%emt 0:18:53]} Ng4 {[%emt 0:03:30]} 12. Ne4 {[%emt 0:00:43]} dxe5 {[%emt 0:05:15]} 13. fxe5 {[%emt 0:05:43]} exd5 {[%emt 0:03:17]} 14. cxd5 {[%emt 0:04:23]} Nxe5 {[%emt 0:05:11]} 15. Nxe5 {[%emt 0:02:11]} Bxe5 {[%emt 0:00:10]} 16. Be3 {[%emt 0:02:17]} Nd7 {[%emt 0:08:44]} 17. Bg5 {[%emt 0:01:22]} Qb6 {[%emt 0:01:12]} 18. Kh1 {[%emt 0:01:56]} Bb7 {[%emt 0:01:34]} 19. Bc4 {[%emt 0:05:42]} f5 {[%emt 0:03:32]} 20. Nf2 {[%emt 0:02:40]} Qd6 {[%emt 0:01:27]} 21. Rfe1 {[%emt 0:02:55]} Rae8 {[%emt 0:00:51]} 22. Nd3 {[%emt 0:04:46]} f4 {[%emt 0:01:18]} 23. Bb5 {[%emt 0:02:12]} f3 {[%emt 0:05:44]} 24. Bc4 {[%emt 0:02:40]} Nb6 {[%emt 0:06:30]} 25. Nxe5 {[%emt 0:04:49]} Rxe5 {[%emt 0:01:13]} 26. Be7 {[%emt 0:01:06]} Rxe7 {[%emt 0:07:26]} 27. Rxe7 {[%emt 0:00:06]} fxg2+ {[%emt 0:00:23]} 28. Kg1 {[%emt 0:00:54]} Nxc4 {[%emt 0:00:26]} 29. Rxb7 {[%emt 0:00:29]} Rf1+ 0-1

[Event "1st Gujarat GM Open 2018"]
[Site "Ahmedabad"]
[Date "2018.10.07"]
[Round "4"]
[White "Tarun Kanyamarala"]
[Black "Deshmukh, Anup"]
[Result "*"]
[WhiteElo "2046"]
[BlackElo "2267"]
[Annotator "NA"]
[PlyCount "66"]
[EventDate "2018.10.05"]
[EventType "swiss"]
[EventCountry "IND"]
[SourceTitle "playchess.com"]
[Source "ChessBase"]
[SourceQuality "1"]
[TimeControl "5400+30"]

1. e4 {[%emt 0:00:00]} c5 {[%emt 0:00:00]} 2. Nf3 {[%emt 0:00:00]} d6 {[%emt 0:00:00]} 3. d4 {[%emt 0:00:00]} cxd4 {[%emt 0:00:00]} 4. Nxd4 {[%emt 0:00:00]} Nf6 {[%emt 0:00:00]} 5. Nc3 {[%emt 0:00:00]} g6 {[%emt 0:00:00]} 6. Be3 {[%emt 0:00:34]} Bg7 {[%emt 0:00:00]} 7. f3 {[%emt 0:00:21]} Nc6 {[%emt 0:00:02]} 8. Qd2 {[%emt 0:00:12]} O-O {[%emt 0:00:06]} 9. g4 {[%emt 0:01:21]} Be6 {[%emt 0:00:08]} 10. Nxe6 {[%emt 0:01:09]} fxe6 {[%emt 0:00:04]} 11. O-O-O {[%emt 0:00:19]} Rc8 {[%emt 0:04:59]} 12. h4 {[%emt 0:03:35]} Qa5 {[%emt 0:00:05]} 13. Kb1 {[%emt 0:05:40]} b5 {[%emt 0:09:34]} 14. Nxb5 {[%emt 0:03:35]} Nb4 {[%emt 0:13:27]} 15. a3 {[%emt 0:00:23]} Nfd5 {[%emt 0:00:26]} 16. Bd4 {[%emt 0:28:26]} Rxc2 {[%emt 0:00:37]} 17. Qe1 {[%emt 0:00:06]} Bxd4 {[%emt 0:03:52]} 18. Rxd4 {[%emt 0:02:38]} Qa4 {[%emt 0:01:07]} 19. Rxb4 {[%emt 0:01:40]} Nxb4 {[%emt 0:00:38]} 20. Qxb4 {[%emt 0:00:06]} Qxb4 {[%emt 0:00:04]} 21. axb4 {[%emt 0:00:08]} Rd2 {[%emt 0:00:05]} 22. Bc4 {[%emt 0:03:27]} Rxf3 {[%emt 0:00:42]} 23. Bxe6+ {[%emt 0:00:11]} Kg7 {[%emt 0:00:05]} 24. Nc3 {[%emt 0:11:23]} Rff2 {[%emt 0:00:08]} 25. Nd1 {[%emt 0:00:14]} Rf4 {[%emt 0:00:04]} 26. Nc3 {[%emt 0:06:07]} Rff2 {[%emt 0:00:05]} 27. Nd1 {[%emt 0:02:30]} Rf4 {[%emt 0:00:02]} 28. Kc1 {[%emt 0:01:42]} Rg2 {[%emt 0:01:21]} 29. Nc3 {[%emt 0:05:03]} Rff2 {[%emt 0:00:20]} 30. Nd1 {[%emt 0:00:44]} Rf4 31. Nc3 {[%emt 0:00:05]} Rff2 {[%emt 0:00:10]} 32. Nd1 Rd2 33. Nc3 {[%emt 0:08:02]} Rgf2 {[%emt 1:08:19]} *

[Event "1st Gujarat GM Open 2018"]
[Site "Ahmedabad"]
[Date "2018.10.07"]
[Round "4"]
[White "Thipsay, Bagyashree Sathe"]
[Black "Pranav Vijay"]
[Result "0-1"]
[WhiteElo "2021"]
[BlackElo "2265"]
[Annotator "NA"]
[PlyCount "144"]
[EventDate "2018.10.05"]
[EventType "swiss"]
[EventCountry "IND"]
[SourceTitle "playchess.com"]
[Source "ChessBase"]
[SourceQuality "1"]
[TimeControl "5400+30"]

1. e4 {[%emt 0:00:00]} Nc6 {[%emt 0:00:21]} 2. Nf3 {[%emt 0:00:00]} e5 {[%emt 0:00:40]} 3. Bc4 {[%emt 0:00:10]} Nf6 {[%emt 0:00:13]} 4. d3 {[%emt 0:00:04]} Be7 {[%emt 0:00:43]} 5. O-O {[%emt 0:00:16]} O-O {[%emt 0:00:23]} 6. Re1 {[%emt 0:00:06]} d6 {[%emt 0:00:23]} 7. a4 {[%emt 0:00:07]} Na5 {[%emt 0:00:36]} 8. Ba2 {[%emt 0:00:08]} c5 {[%emt 0:00:31]} 9. c3 {[%emt 0:00:52]} Nc6 {[%emt 0:01:24]} 10. Na3 {[%emt 0:00:41]} Be6 {[%emt 0:01:22]} 11. Bxe6 {[%emt 0:02:13]} fxe6 {[%emt 0:00:24]} 12. Nc2 {[%emt 0:01:59]} h6 {[%emt 0:06:40]} 13. Bd2 {[%emt 0:08:35]} Qc7 {[%emt 0:03:16]} 14. b4 {[%emt 0:03:03]} Rf7 {[%emt 0:00:52]} 15. b5 {[%emt 0:09:44]} Na5 {[%emt 0:01:31]} 16. Rb1 {[%emt 0:15:10]} c4 {[%emt 0:02:32]} 17. d4 {[%emt 0:17:19]} Raf8 {[%emt 0:01:34]} 18. Bc1 {[%emt 0:11:13]} Nh7 {[%emt 0:03:04]} 19. Be3 {[%emt 0:01:28]} Nf6 {[%emt 0:04:40]} 20. Nd2 {[%emt 0:01:32]} Nb3 {[%emt 0:02:11]} 21. f3 {[%emt 0:01:14]} Na5 {[%emt 0:03:45]} 22. Kh1 {[%emt 0:05:16]} b6 {[%emt 0:02:03]} 23. Qe2 {[%emt 0:03:27]} Nh5 {[%emt 0:01:02]} 24. Nb4 {[%emt 0:01:09]} Bh4 {[%emt 0:02:31]} 25. Rec1 {[%emt 0:01:37]} Bg5 {[%emt 0:03:25]} 26. d5 {[%emt 0:01:04]} exd5 {[%emt 0:08:24]} 27. Nxd5 {[%emt 0:00:08]} Qc8 {[%emt 0:00:21]} 28. Rb4 {[%emt 0:01:20]} Bxe3 {[%emt 0:02:41]} 29. Qxe3 {[%emt 0:00:34]} g5 {[%emt 0:09:38]} 30. Kg1 Nf4 {[%emt 0:03:03]} 31. Nxf4 {[%emt 0:02:55]} gxf4 {[%emt 0:00:11]} 32. Qf2 {[%emt 0:00:46]} Kh7 {[%emt 0:00:30]} 33. Kh1 {[%emt 0:01:18]} Rg8 {[%emt 0:03:30]} 34. Qe2 {[%emt 0:00:42]} Rc7 {[%emt 0:00:46]} 35. Rd1 {[%emt 0:00:17]} Qe6 {[%emt 0:00:18]} 36. Rb2 {[%emt 0:03:56]} Rcg7 {[%emt 0:01:03]} 37. Rg1 {[%emt 0:00:02]} Rg5 {[%emt 0:01:47]} 38. Rb4 {[%emt 0:02:06]} Rc8 {[%emt 0:01:02]} 39. Rd1 {[%emt 0:00:45]} Qf7 {[%emt 0:01:48]} 40. Rg1 {[%emt 0:02:28]} Qh5 {[%emt 0:03:23]} 41. Rf1 {[%emt 0:01:20]} Qf7 {[%emt 0:01:51]} 42. Rf2 {[%emt 0:00:37]} Rg6 {[%emt 0:00:37]} 43. Qf1 {[%emt 0:00:25]} h5 {[%emt 0:00:52]} 44. Qe2 {[%emt 0:01:04]} Qe6 {[%emt 0:01:38]} 45. Qf1 {[%emt 0:00:49]} Rc7 {[%emt 0:00:51]} 46. Qe2 {[%emt 0:00:22]} Kg8 {[%emt 0:00:37]} 47. Rb1 {[%emt 0:00:43]} Kf8 {[%emt 0:00:36]} 48. Rg1 {[%emt 0:00:42]} Ke8 {[%emt 0:00:44]} 49. Rff1 {[%emt 0:00:27]} Kd8 {[%emt 0:00:37]} 50. g3 {[%emt 0:00:20]} fxg3 {[%emt 0:00:59]} 51. Rxg3 {[%emt 0:00:04]} Rxg3 {[%emt 0:01:08]} 52. hxg3 {[%emt 0:00:01]} Nb3 {[%emt 0:00:53]} 53. Kg2 {[%emt 0:01:05]} Rg7 {[%emt 0:03:51]} 54. Rh1 {[%emt 0:00:58]} Qg8 {[%emt 0:01:33]} 55. Nf1 {[%emt 0:00:32]} Nc1 {[%emt 0:00:48]} 56. Qd2 {[%emt 0:00:28]} Nd3 {[%emt 0:00:09]} 57. Rh4 {[%emt 0:01:08]} Rg6 {[%emt 0:00:56]} 58. Kh2 {[%emt 0:00:27]} Rf6 {[%emt 0:03:26]} 59. Qe3 {[%emt 0:00:05]} Qf7 {[%emt 0:00:50]} 60. Nd2 {[%emt 0:00:02]} Kc7 {[%emt 0:01:04]} 61. Kg2 {[%emt 0:01:07]} Rg6 {[%emt 0:01:15]} 62. Kh2 {[%emt 0:00:14]} Qg7 {[%emt 0:01:13]} 63. Nf1 {[%emt 0:00:19]} Rg5 {[%emt 0:01:06]} 64. Qd2 {[%emt 0:00:20]} Qg6 {[%emt 0:02:02]} 65. Qe3 {[%emt 0:01:13]} Qg8 {[%emt 0:02:08]} 66. Qd2 {[%emt 0:00:13]} Qg6 {[%emt 0:01:35]} 67. Qe3 {[%emt 0:00:07]} Nc5 {[%emt 0:02:34]} 68. Qe2 {[%emt 0:00:06]} Qg8 {[%emt 0:00:59]} 69. Ne3 {[%emt 0:01:18]} Rxg3 {[%emt 0:00:36]} 70. Rxh5 {[%emt 0:00:09]} Rg7 {[%emt 0:01:08]} 71. Nxc4 {[%emt 0:02:04]} Qf7 {[%emt 0:00:31]} 72. Rh3 {[%emt 0:00:01]} Qf4+ {[%emt 0:00:08]} 0-1

[Event "1st Gujarat GM Open 2018"]
[Site "Ahmedabad"]
[Date "2018.10.07"]
[Round "4"]
[White "Shyam Prasad Reddy K"]
[Black "Abu Sufian, Shakil"]
[Result "0-1"]
[WhiteElo "2014"]
[BlackElo "2247"]
[Annotator "NA"]
[PlyCount "72"]
[EventDate "2018.10.05"]
[EventType "swiss"]
[EventCountry "IND"]
[SourceTitle "playchess.com"]
[Source "ChessBase"]
[SourceQuality "1"]
[TimeControl "5400+30"]

1. e4 {[%emt 0:00:00]} c6 {[%emt 0:00:00]} 2. d4 {[%emt 0:00:00]} d5 {[%emt 0:00:00]} 3. exd5 {[%emt 0:00:00]} cxd5 {[%emt 0:00:00]} 4. c4 {[%emt 0:00:00]} Nf6 {[%emt 0:00:00]} 5. Nc3 {[%emt 0:00:03]} Nc6 {[%emt 0:00:32]} 6. Bg5 {[%emt 0:01:50]} e6 {[%emt 0:06:31]} 7. Nf3 {[%emt 0:00:44]} Bb4 {[%emt 0:08:27]} 8. Be2 {[%emt 0:11:33]} dxc4 {[%emt 0:02:54]} 9. O-O {[%emt 0:02:53]} h6 {[%emt 0:08:01]} 10. Bxf6 {[%emt 0:02:06]} Qxf6 {[%emt 0:00:31]} 11. d5 {[%emt 0:02:34]} exd5 {[%emt 0:07:34]} 12. Nxd5 {[%emt 0:00:07]} Qd6 {[%emt 0:00:19]} 13. Nxb4 {[%emt 0:04:21]} Qxb4 {[%emt 0:00:16]} 14. Nd4 {[%emt 0:03:50]} O-O {[%emt 0:01:33]} 15. Nxc6 {[%emt 0:16:21]} bxc6 {[%emt 0:00:53]} 16. Qc2 {[%emt 0:00:52]} Be6 {[%emt 0:00:16]} 17. Rfc1 {[%emt 0:01:00]} Rfd8 {[%emt 0:01:54]} 18. a3 {[%emt 0:14:08]} Qb3 {[%emt 0:02:33]} 19. h3 {[%emt 0:13:18]} Rab8 {[%emt 0:02:04]} 20. Qe4 {[%emt 0:17:30]} Qxb2 {[%emt 0:09:10]} 21. Rab1 {[%emt 0:00:46]} Qxa3 {[%emt 0:00:43]} 22. Ra1 {[%emt 0:02:44]} Qc5 {[%emt 0:01:10]} 23. Bxc4 {[%emt 0:02:23]} Rd4 {[%emt 0:06:53]} 24. Qxe6 {[%emt 0:00:26]} Rd1+ {[%emt 0:00:06]} 25. Rxd1 {[%emt 0:00:56]} fxe6 {[%emt 0:00:30]} 26. Bxe6+ {[%emt 0:00:30]} Kh8 {[%emt 0:00:23]} 27. Rac1 {[%emt 0:00:19]} Qb6 {[%emt 0:05:54]} 28. Bg4 {[%emt 0:01:53]} Rf8 {[%emt 0:02:58]} 29. Bf3 {[%emt 0:00:04]} c5 {[%emt 0:00:28]} 30. Rd7 {[%emt 0:01:02]} a6 {[%emt 0:03:47]} 31. Rcd1 {[%emt 0:00:31]} c4 {[%emt 0:00:55]} 32. R1d6 {[%emt 0:00:29]} Qb1+ {[%emt 0:00:38]} 33. Kh2 {[%emt 0:00:21]} Qe1 {[%emt 0:05:42]} 34. Rd2 {[%emt 0:00:50]} Qe5+ {[%emt 0:01:34]} 35. Kg1 {[%emt 0:00:28]} c3 {[%emt 0:00:59]} 36. Re2 {[%emt 0:00:32]} Qb5 {[%emt 0:01:31]} 0-1

[Event "1st Gujarat GM Open 2018"]
[Site "Ahmedabad"]
[Date "2018.10.07"]
[Round "4"]
[White "Mrudul Dehankar"]
[Black "Kumar, Gaurav"]
[Result "0-1"]
[WhiteElo "1996"]
[BlackElo "2236"]
[Annotator "NA"]
[PlyCount "114"]
[EventDate "2018.10.05"]
[EventType "swiss"]
[EventCountry "IND"]
[SourceTitle "playchess.com"]
[Source "ChessBase"]
[SourceQuality "1"]
[TimeControl "5400+30"]

1. Nf3 {[%emt 0:00:11]} d5 {[%emt 0:00:00]} 2. b3 {[%emt 0:00:32]} Nf6 {[%emt 0:00:57]} 3. Bb2 {[%emt 0:00:00]} Bg4 {[%emt 0:00:24]} 4. e3 {[%emt 0:00:26]} Nbd7 {[%emt 0:00:30]} 5. Be2 {[%emt 0:02:39]} e6 {[%emt 0:01:24]} 6. c4 {[%emt 0:00:35]} c6 {[%emt 0:01:18]} 7. O-O {[%emt 0:02:54]} Bd6 {[%emt 0:02:32]} 8. d3 {[%emt 0:02:52]} O-O {[%emt 0:03:47]} 9. Nbd2 {[%emt 0:00:56]} e5 {[%emt 0:01:28]} 10. Re1 {[%emt 0:07:12]} Re8 {[%emt 0:00:53]} 11. cxd5 {[%emt 0:04:48]} Nxd5 {[%emt 0:04:12]} 12. a3 {[%emt 0:02:25]} a5 {[%emt 0:01:25]} 13. Qc2 {[%emt 0:12:15]} Bh5 {[%emt 0:15:28]} 14. g3 {[%emt 0:12:34]} Bg4 {[%emt 0:11:17]} 15. Nc4 {[%emt 0:05:30]} Bc7 {[%emt 0:03:00]} 16. e4 {[%emt 0:01:03]} N5b6 {[%emt 0:02:55]} 17. Ne3 {[%emt 0:00:23]} Bh3 {[%emt 0:00:35]} 18. d4 {[%emt 0:04:05]} Qf6 {[%emt 0:11:16]} 19. dxe5 {[%emt 0:16:59]} Nxe5 {[%emt 0:03:18]} 20. Nd4 {[%emt 0:00:53]} Qg6 {[%emt 0:01:44]} 21. Ndf5 {[%emt 0:01:51]} f6 {[%emt 0:02:43]} 22. Nh4 {[%emt 0:02:55]} Qf7 {[%emt 0:00:59]} 23. f4 {[%emt 0:00:17]} Ned7 {[%emt 0:01:29]} 24. Nhf5 {[%emt 0:01:27]} Nf8 {[%emt 0:01:34]} 25. Bf3 {[%emt 0:05:23]} a4 {[%emt 0:06:15]} 26. b4 {[%emt 0:01:03]} Qb3 {[%emt 0:00:34]} 27. Qf2 {[%emt 0:02:41]} Nc4 {[%emt 0:01:04]} 28. Bd4 {[%emt 0:01:57]} Nxa3 {[%emt 0:07:15]} 29. Rec1 {[%emt 0:06:11]} Ne6 {[%emt 0:00:45]} 30. Bc3 {[%emt 0:01:00]} Bxf5 {[%emt 0:09:11]} 31. Bd1 {[%emt 0:00:28]} Bxe4 {[%emt 0:01:28]} 32. Bxb3 {[%emt 0:00:03]} axb3 {[%emt 0:00:11]} 33. Qb2 {[%emt 0:00:51]} Bb6 {[%emt 0:00:06]} 34. Rxa3 {[%emt 0:01:04]} Bxe3+ {[%emt 0:00:43]} 35. Kf1 {[%emt 0:00:28]} Bd3+ {[%emt 0:01:55]} 36. Kg2 {[%emt 0:00:18]} Be4+ {[%emt 0:01:17]} 37. Kf1 {[%emt 0:00:13]} Bd3+ {[%emt 0:01:15]} 38. Kg2 {[%emt 0:00:12]} Rxa3 {[%emt 0:00:21]} 39. Qxa3 {[%emt 0:00:10]} Bxc1 {[%emt 0:00:09]} 40. Qxc1 {[%emt 0:00:40]} Nc7 {[%emt 0:00:05]} 41. Qd1 {[%emt 0:00:45]} Be4+ {[%emt 0:02:12]} 42. Kf2 {[%emt 0:00:31]} Bd5 {[%emt 0:00:19]} 43. Qd3 {[%emt 0:01:00]} Nb5 {[%emt 0:00:18]} 44. Bb2 {[%emt 0:00:25]} Nd6 {[%emt 0:00:40]} 45. Qd4 {[%emt 0:00:46]} Nc4 {[%emt 0:00:35]} 46. Bc3 {[%emt 0:00:30]} Na3 {[%emt 0:00:41]} 47. Qb6 {[%emt 0:00:28]} Nc4 {[%emt 0:00:30]} 48. Qxb7 {[%emt 0:00:34]} b2 {[%emt 0:00:29]} 49. Qd7 {[%emt 0:00:24]} Re6 {[%emt 0:00:23]} 50. Bxb2 {[%emt 0:00:34]} Nxb2 {[%emt 0:00:06]} 51. g4 {[%emt 0:00:19]} Nd3+ {[%emt 0:00:41]} 52. Kg3 {[%emt 0:00:03]} Re3+ {[%emt 0:00:25]} 53. Kh4 {[%emt 0:00:14]} Nxf4 {[%emt 0:00:11]} 54. Qd8+ {[%emt 0:00:31]} Kf7 {[%emt 0:00:10]} 55. g5 {[%emt 0:00:50]} Ng2+ {[%emt 0:00:26]} 56. Kg4 {[%emt 0:00:05]} Be6+ {[%emt 0:00:10]} 57. Kh5 {[%emt 0:00:05]} Rh3# {[%emt 0:00:06]} 0-1